000 00546nam a2200217Ia 4500
003 OSt
005 20221005133433.0
006 a|||||r|||| 00| 0
007 ta
008 221004b |||||||| |||| 00| 0 eng d
024 _a31981
037 _cTextual
040 _aCRL
_cCRL
_beng
041 _2eng
_aeng
082 _a9x, J8 RR
100 _aPringle Patrick Comp.
_9642425
245 0 _aWorld facts and figures.
260 _c1958
942 _h9x, J8 RR
_cTEXL
_2cc
999 _c1066834
_d1066834